Guess the lyrics (#112) - Statistics

General Stats
  • This quiz has been taken 62 times
  • The average score is 130 of 272
Answer Stats
answer % Correct
a
100%
A
100%
I
100%
you
98%
You
98%
the
96%
and
88%
And
88%
me
86%
to
80%
for
75%
my
73%
then
73%
can
71%
if
67%
If
67%
So
67%
so
67%
of
65%
Of
65%
like
59%
I’m
57%
it’s
57%
was
57%
as
55%
by
55%
can’t
53%
there
53%
were
53%
know
51%
will
51%
at
49%
all
47%
am
47%
don’t
47%
have
47%
with
47%
But
45%
from
43%
up
43%
out
41%
take
41%
down
37%
now
37%
Oh
37%
just
35%
good
33%
would
31%
did
29%
look
29%
Look
29%
man
29%
Yeah,
29%
yes
29%
yes,
29%
feel
27%
here
27%
Said
27%
should
27%
two
25%
Right
24%
before
22%
gotta
22%
little
22%
same
22%
more
20%
dance
16%
dance,
16%
back
14%
course
14%
really
14%
saw
14%
try
14%
Ah,
12%
dancing
12%
hand
12%
Hand
12%
inside
12%
much
12%
sayin’
12%
sure
12%
thought
12%
coming
10%
eyes
10%
road
10%
road,
10%
wait
10%
wine
10%
feelin’
8%
floor
8%
long
8%
movin’
8%
Astaire
6%
cold
6%
everyone”
6%
Fred
6%
hit
6%
minute
6%
moving
6%
seen
6%
step
6%
tall
6%
across
4%
chair
4%
eat,
4%
“Food
4%
food,
4%
game
4%
glasses
4%
hobo
4%
name
4%
Next
4%
Rudy
4%
seek
4%
sign
4%
somebody
4%
Sylvester
4%
Valentino
4%
Victor
4%
water
4%
bossanova
2%
caviar
2%
entertainment,
2%
feels
2%
grabbed
2%
ham
2%
Hmm,
2%
hungry
2%
naturally
2%
poultry
2%
quick
2%
Threw
2%
travellin’
2%
turkey,
2%
tuxedo
2%
understand
2%
week
2%
No matching quizzes found
Score Distribution
Percent of People with Each Score
Percentile by Number Answered
Your Score History
You have not taken this quiz